| Tag |
First Indicator |
Second Indicator |
Subfields |
| LEADER |
00000cam a2200000 a 4500 |
| 001 |
in00002582321 |
| 005 |
20151201115329.0 |
| 008 |
091229s2010 nyu b 001 0 eng |
| 010 |
|
|
|a 2009052069
|
| 020 |
|
|
|a 9780773437449
|
| 020 |
|
|
|a 0773437444
|
| 029 |
1 |
|
|a CDX
|b 11539212
|
| 035 |
|
|
|a (OCoLC)ocn495996061
|
| 035 |
|
|
|a (OCoLC)495996061
|
| 040 |
|
|
|a DLC
|c DLC
|d YDX
|d BWX
|d YDXCP
|d CDX
|d UtOrBLW
|
| 043 |
|
|
|a n-us---
|
| 049 |
|
|
|a TXAM
|
| 050 |
0 |
0 |
|a GV362
|b .C68 2010
|
| 082 |
0 |
0 |
|a 613.7071
|2 22
|
| 100 |
1 |
|
|a Cowen, Virginia S.
|
| 245 |
1 |
0 |
|a What students learned in gym class :
|b a qualitative study of required physical education /
|c Virginia S. Cowen ; with a preface by Teresa Kay-Aba Kennedy.
|
| 264 |
|
1 |
|a Lewiston, N.Y. :
|b Edwin Mellen Press,
|c [2010]
|
| 264 |
|
4 |
|c ©2010
|
| 300 |
|
|
|a v, 123 pages ;
|c 24 cm.
|
| 336 |
|
|
|a text
|b txt
|2 rdacontent
|
| 337 |
|
|
|a unmediated
|b n
|2 rdamedia
|
| 338 |
|
|
|a volume
|b nc
|2 rdacarrier
|
| 504 |
|
|
|a Includes bibliographical references and index.
|
| 650 |
|
0 |
|a Physical education and training
|z United States
|x Evaluation.
|
| 938 |
|
|
|a Blackwell Book Service
|b BBUS
|n R4836919
|c $99.95
|
| 938 |
|
|
|a YBP Library Services
|b YANK
|n 3171729
|
| 938 |
|
|
|a Coutts Information Services
|b COUT
|n 11539212
|
| 945 |
|
|
|a PromptCat
|b 951826
|
| 946 |
|
|
|a stk
|
| 947 |
|
|
|a A14840272165
|
| 994 |
|
|
|a 92
|b TXA
|
| 948 |
|
|
|a cataloged
|b h
|d 2010/4/16
|h c
|e asalazar
|f 1:51:26 pm
|
| 999 |
|
|
|a MARS
|
| 999 |
f |
f |
|s 36cc83fa-67dc-3873-a678-037b94299311
|i 9eb5e4c1-f805-30b1-8acc-1452707f0e46
|t 0
|
| 952 |
f |
f |
|p ric
|a Texas A&M University
|b Rellis Campus
|c Joint Library Facility
|d Remote Storage
|t 0
|e GV362 .C68 2010
|h Library of Congress classification
|i unmediated -- volume
|m A14840272165
|
| 998 |
f |
f |
|a GV362 .C68 2010
|t 0
|l Remote Storage
|